[Event "DEM U10 2024"]
[Site "Willingen GER"]
[Date "2024.05.20"]
[Round "4"]
[White "Steinbrenner, Peter"]
[Black "Cremann, Jannis"]
[Result "1-0"]
[Termination "normal"]
[Board "6"]
[WhiteElo "1941"]
[BlackElo "1633"]
[WhiteClock "00:09:52"]
[BlackClock "00:39:52"]
[PlyCount "79"]
[WhiteFideId "34645535"]
[BlackFideId "34660178"]
[EventCountry "GER"]
[EventRounds "11"]
[EventType "swiss"]
[EventDate "2024.05.18"]

1. e4 {[%clk 01:15:58]} {[%emt 00:00:01]} c5 {[%clk 01:15:51]} {[%emt
00:00:09]} 2. Nf3 {[%clk 01:16:15]} {[%emt 00:00:13]} Nc6 {[%clk 01:16:13]}
{[%emt 00:00:08]} 3. d4 {[%clk 01:16:35]} {[%emt 00:00:10]} cxd4 {[%clk
01:16:33]} {[%emt 00:00:10]} 4. Nxd4 {[%clk 01:16:50]} {[%emt 00:00:15]} e6
{[%clk 01:16:42]} {[%emt 00:00:21]} 5. Nc3 {[%clk 01:16:46]} {[%emt 00:00:33]}
Nf6 {[%clk 01:16:44]} {[%emt 00:00:29]} 6. Be3 {[%clk 01:16:27]} {[%emt
00:00:50]} Bb4 {[%clk 01:16:58]} {[%emt 00:00:16]} 7. Qf3 {[%clk 01:13:32]}
{[%emt 00:03:25]} d5 {[%clk 01:16:28]} {[%emt 00:01:00]} 8. Bb5 {[%clk
01:04:23]} {[%emt 00:09:39]} Bd7 {[%clk 01:14:43]} {[%emt 00:02:15]} 9. Bxc6
{[%clk 01:02:08]} {[%emt 00:02:44]} bxc6 {[%clk 01:12:28]} {[%emt 00:02:45]}
10. exd5 {[%clk 00:56:02]} {[%emt 00:06:37]} cxd5 {[%clk 01:11:53]} {[%emt
00:01:05]} 11. Bf4 {[%clk 00:40:49]} {[%emt 00:15:43]} Rc8 {[%clk 01:05:41]}
{[%emt 00:06:41]} 12. O-O {[%clk 00:40:25]} {[%emt 00:00:54]} Bxc3 {[%clk
01:04:23]} {[%emt 00:01:49]} 13. bxc3 {[%clk 00:40:53]} {[%emt 00:00:01]} Ne4
{[%clk 01:04:32]} {[%emt 00:00:22]} 14. Rab1 {[%clk 00:37:39]} {[%emt
00:03:45]} Qf6 {[%clk 01:03:38]} {[%emt 00:01:23]} 15. Be3 {[%clk 00:32:36]}
{[%emt 00:05:33]} Qxf3 {[%clk 01:02:34]} {[%emt 00:01:34]} 16. gxf3 {[%clk
00:33:05]} {[%emt 00:00:01]} Nxc3 {[%clk 01:02:37]} {[%emt 00:00:26]} 17. Rb7
{[%clk 00:32:58]} {[%emt 00:00:38]} a6 {[%clk 01:01:03]} {[%emt 00:02:04]} 18.
a3 {[%clk 00:28:47]} {[%emt 00:04:41]} e5 {[%clk 01:00:24]} {[%emt 00:01:09]}
19. Nb3 {[%clk 00:28:43]} {[%emt 00:00:35]} Bb5 {[%clk 00:59:54]} {[%emt
00:00:58]} 20. Re1 {[%clk 00:27:44]} {[%emt 00:01:29]} Ne2+ {[%clk 00:52:18]}
{[%emt 00:08:05]} 21. Kg2 {[%clk 00:27:45]} {[%emt 00:00:30]} Kf8 {[%clk
00:51:13]} {[%emt 00:01:35]} 22. Rxb5 {[%clk 00:26:36]} {[%emt 00:01:40]} axb5
{[%clk 00:51:27]} {[%emt 00:00:15]} 23. Rxe2 {[%clk 00:26:59]} {[%emt
00:00:07]} d4 {[%clk 00:51:27]} {[%emt 00:00:31]} 24. Bd2 {[%clk 00:25:10]}
{[%emt 00:02:19]} f6 {[%clk 00:47:55]} {[%emt 00:04:01]} 25. f4 {[%clk
00:25:17]} {[%emt 00:00:24]} Kf7 {[%clk 00:46:19]} {[%emt 00:02:04]} 26. fxe5
{[%clk 00:23:23]} {[%emt 00:02:26]} Rhe8 {[%clk 00:46:02]} {[%emt 00:00:47]}
27. e6+ {[%clk 00:21:45]} {[%emt 00:02:09]} Rxe6 {[%clk 00:46:10]} {[%emt
00:00:21]} 28. Rxe6 {[%clk 00:20:56]} {[%emt 00:01:19]} Kxe6 {[%clk 00:46:17]}
{[%emt 00:00:21]} 29. Nxd4+ {[%clk 00:20:51]} {[%emt 00:00:36]} Kd5 {[%clk
00:45:53]} {[%emt 00:00:54]} 30. Nxb5 {[%clk 00:20:24]} {[%emt 00:00:58]} Rxc2
{[%clk 00:46:02]} {[%emt 00:00:20]} 31. Bb4 {[%clk 00:20:36]} {[%emt 00:00:18]}
Ke5 {[%clk 00:44:41]} {[%emt 00:01:50]} 32. Bd6+ {[%clk 00:16:31]} {[%emt
00:04:36]} Ke4 {[%clk 00:44:34]} {[%emt 00:00:38]} 33. Bb4 {[%clk 00:16:11]}
{[%emt 00:00:50]} Ke5 {[%clk 00:44:41]} {[%emt 00:00:22]} 34. Kf3 {[%clk
00:14:18]} {[%emt 00:02:23]} g5 {[%clk 00:44:31]} {[%emt 00:00:40]} 35. Bc3+
{[%clk 00:12:26]} {[%emt 00:02:23]} Kd5 {[%clk 00:44:11]} {[%emt 00:00:49]} 36.
Bxf6 {[%clk 00:12:01]} {[%emt 00:00:56]} h6 {[%clk 00:41:15]} {[%emt 00:03:25]}
37. Be7 {[%clk 00:10:36]} {[%emt 00:01:55]} Ke5 {[%clk 00:40:19]} {[%emt
00:01:47]} 38. Bd6+ {[%clk 00:10:00]} {[%emt 00:01:07]} Kf6 {[%clk 00:40:12]}
{[%emt 00:00:36]} 39. Bb4 {[%clk 00:09:52]} {[%emt 00:00:39]} h5 {[%clk
00:39:52]} {[%emt 00:00:50]} 40. Nc3 {[%emt 00:04:46]} 1-0

[Event "DEM U10 2024"]
[Site "Willingen GER"]
[Date "2024.05.20"]
[Round "4"]
[White "Al Luwaisi, Omer"]
[Black "Müller, Konstantin"]
[Result "0-1"]
[Termination "normal"]
[Board "7"]
[WhiteElo "1660"]
[BlackElo "1851"]
[WhiteClock "00:03:45"]
[BlackClock "00:06:39"]
[PlyCount "76"]
[WhiteFideId "34645888"]
[BlackFideId "34661778"]
[EventCountry "GER"]
[EventRounds "11"]
[EventType "swiss"]
[EventDate "2024.05.18"]

1. e4 {[%clk 01:15:59]} c5 {[%clk 01:15:55]} {[%emt 00:00:06]} 2. Nf3 {[%clk
01:16:26]} {[%emt 00:00:03]} e6 {[%clk 01:16:22]} {[%emt 00:00:03]} 3. c3
{[%clk 01:16:52]} {[%emt 00:00:04]} Nf6 {[%clk 01:16:49]} {[%emt 00:00:03]} 4.
e5 {[%clk 01:17:17]} {[%emt 00:00:05]} Nd5 {[%clk 01:17:16]} {[%emt 00:00:03]}
5. d4 {[%clk 01:17:41]} {[%emt 00:00:06]} cxd4 {[%clk 01:17:41]} {[%emt
00:00:05]} 6. cxd4 {[%clk 01:18:02]} {[%emt 00:00:09]} Nc6 {[%clk 01:17:40]}
{[%emt 00:00:31]} 7. a3 {[%clk 01:18:22]} {[%emt 00:00:10]} d6 {[%clk
01:17:32]} {[%emt 00:00:39]} 8. Bd3 {[%emt 00:00:06]} dxe5 {[%clk 01:16:54]}
{[%emt 00:01:06]} 9. dxe5 {[%clk 01:19:12]} {[%emt 00:00:05]} Qc7 {[%clk
01:16:43]} {[%emt 00:00:41]} 10. O-O {[%clk 01:19:36]} {[%emt 00:00:06]} a6
{[%clk 01:13:13]} {[%emt 00:04:00]} 11. Re1 {[%clk 01:19:24]} {[%emt 00:00:42]}
Be7 {[%clk 01:12:43]} {[%emt 00:01:00]} 12. Nbd2 {[%clk 01:16:26]} {[%emt
00:03:28]} O-O {[%clk 01:11:10]} {[%emt 00:02:03]} 13. Qc2 {[%clk 01:15:02]}
{[%emt 00:01:54]} h6 {[%clk 01:11:10]} {[%emt 00:00:30]} 14. Nf1 {[%clk
01:13:32]} {[%emt 00:02:00]} b5 {[%clk 01:05:53]} {[%emt 00:05:47]} 15. Ng3
{[%clk 01:04:14]} {[%emt 00:09:47]} Bb7 {[%clk 01:03:58]} {[%emt 00:02:25]} 16.
Bd2 {[%clk 00:49:46]} {[%emt 00:14:58]} Rac8 {[%clk 01:02:14]} {[%emt
00:02:15]} 17. Rac1 {[%clk 00:44:16]} {[%emt 00:06:00]} Rfd8 {[%clk 00:58:40]}
{[%emt 00:04:04]} 18. Qb1 {[%clk 00:36:52]} {[%emt 00:07:54]} Qb6 {[%clk
00:53:12]} {[%emt 00:05:57]} 19. Re4 {[%clk 00:27:28]} {[%emt 00:09:54]} Nb8
{[%clk 00:40:53]} {[%emt 00:12:50]} 20. Rg4 {[%clk 00:21:39]} {[%emt 00:06:18]}
Rxc1+ {[%clk 00:38:28]} {[%emt 00:02:55]} 21. Qxc1 {[%clk 00:21:59]} {[%emt
00:00:10]} f5 {[%clk 00:34:01]} {[%emt 00:04:56]} 22. Rg6 {[%emt 00:17:03]} Qc7
{[%clk 00:22:43]} {[%emt 00:00:37]} 23. Qb1 {[%clk 00:12:52]} {[%emt 00:04:17]}
Bc8 {[%clk 00:18:23]} {[%emt 00:04:50]} 24. Nh5 {[%clk 00:09:39]} {[%emt
00:03:37]} Bf8 {[%clk 00:17:29]} {[%emt 00:01:30]} 25. g4 {[%clk 00:05:13]}
{[%emt 00:04:55]} Ne7 {[%clk 00:13:28]} {[%emt 00:04:31]} 26. gxf5 {[%clk
00:02:10]} {[%emt 00:03:33]} Nxg6 {[%clk 00:11:39]} {[%emt 00:02:20]} 27. fxg6
{[%clk 00:02:33]} {[%emt 00:00:07]} Bb7 {[%clk 00:10:34]} {[%emt 00:01:35]} 28.
Nh4 {[%clk 00:01:23]} {[%emt 00:01:40]} Qxe5 {[%clk 00:08:39]} {[%emt
00:02:25]} 29. Ng3 {[%clk 00:00:59]} {[%emt 00:00:47]} Qd5 {[%clk 00:07:05]}
{[%emt 00:02:11]} 30. Be4 {[%clk 00:01:06]} {[%emt 00:00:23]} Qxd2 {[%clk
00:07:21]} {[%emt 00:00:14]} 31. Bxb7 {[%clk 00:01:33]} {[%emt 00:00:03]} Qd1+
{[%clk 00:07:38]} {[%emt 00:00:13]} 32. Qxd1 {[%clk 00:01:53]} {[%emt
00:00:10]} Rxd1+ {[%clk 00:08:03]} {[%emt 00:00:05]} 33. Kg2 {[%clk 00:02:14]}
{[%emt 00:00:07]} Be7 {[%clk 00:07:24]} {[%emt 00:01:11]} 34. Nf3 {[%clk
00:02:36]} {[%emt 00:00:07]} Bf6 {[%clk 00:07:17]} {[%emt 00:00:38]} 35. Ne4
{[%clk 00:02:46]} {[%emt 00:00:19]} Bxb2 {[%clk 00:07:21]} {[%emt 00:00:26]}
36. Nc5 {[%clk 00:03:05]} {[%emt 00:00:11]} Bxa3 {[%clk 00:06:59]} {[%emt
00:00:54]} 37. Nxe6 {[%clk 00:03:29]} {[%emt 00:00:05]} Rd6 {[%clk 00:07:01]}
{[%emt 00:00:27]} 38. Nc7 {[%clk 00:03:45]} {[%emt 00:00:14]} Rd7 {[%clk
00:06:39]} {[%emt 00:00:53]} 0-1

[Event "DEM U10 2024"]
[Site "Willingen GER"]
[Date "2024.05.20"]
[Round "4"]
[White "Naumann, Lennart"]
[Black "Sander, Tino"]
[Result "1/2-1/2"]
[Termination "normal"]
[Board "8"]
[WhiteElo "1707"]
[BlackElo "1724"]
[WhiteClock "00:11:24"]
[BlackClock "00:01:12"]
[PlyCount "67"]
[WhiteFideId "34644830"]
[BlackFideId "34636110"]
[EventCountry "GER"]
[EventRounds "11"]
[EventType "swiss"]
[EventDate "2024.05.18"]

1. e4 {[%clk 01:15:58]} e5 {[%clk 01:15:50]} {[%emt 00:00:11]} 2. Nf3 {[%clk
01:16:24]} {[%emt 00:00:04]} Nc6 {[%clk 01:16:08]} {[%emt 00:00:12]} 3. d4
{[%clk 01:16:48]} {[%emt 00:00:06]} exd4 {[%clk 01:16:26]} {[%emt 00:00:12]} 4.
Bc4 {[%clk 01:17:13]} {[%emt 00:00:05]} Bc5 {[%clk 01:16:43]} {[%emt 00:00:13]}
5. c3 {[%clk 01:17:37]} {[%emt 00:00:07]} Nf6 {[%clk 01:16:57]} {[%emt
00:00:15]} 6. cxd4 {[%clk 01:16:28]} {[%emt 00:01:39]} Bb4+ {[%clk 01:17:17]}
{[%emt 00:00:10]} 7. Bd2 {[%clk 01:16:20]} {[%emt 00:00:39]} Nxe4 {[%clk
01:17:37]} {[%emt 00:00:10]} 8. Bxb4 {[%clk 01:15:56]} {[%emt 00:00:53]} Nxb4
{[%clk 01:17:59]} {[%emt 00:00:07]} 9. a3 {[%clk 01:16:14]} {[%emt 00:00:13]}
Nc6 {[%clk 01:05:53]} {[%emt 00:12:35]} 10. d5 {[%clk 01:15:43]} {[%emt
00:01:03]} Ne7 {[%clk 01:06:08]} {[%emt 00:00:14]} 11. Qd4 {[%clk 01:12:07]}
{[%emt 00:04:06]} Nf6 {[%clk 01:04:41]} {[%emt 00:01:57]} 12. Nc3 {[%clk
01:10:57]} {[%emt 00:01:39]} d6 {[%clk 00:57:18]} {[%emt 00:07:54]} 13. O-O
{[%clk 01:06:39]} {[%emt 00:04:47]} O-O {[%clk 00:57:11]} {[%emt 00:00:39]} 14.
Rfe1 {[%clk 01:06:34]} {[%emt 00:00:34]} Ng6 {[%clk 00:46:24]} {[%emt
00:11:17]} 15. Ne4 {[%clk 01:03:35]} {[%emt 00:03:27]} Bf5 {[%clk 00:42:58]}
{[%emt 00:03:58]} 16. Bd3 {[%clk 01:00:25]} {[%emt 00:03:40]} Ng4 {[%clk
00:37:35]} {[%emt 00:05:53]} 17. Bc2 {[%clk 00:55:51]} {[%emt 00:05:02]} N4e5
{[%clk 00:32:30]} {[%emt 00:05:38]} 18. Nxe5 {[%clk 00:53:11]} {[%emt
00:03:09]} dxe5 {[%clk 00:28:00]} {[%emt 00:05:00]} 19. Qc4 {[%clk 00:51:49]}
{[%emt 00:01:49]} Bxe4 {[%clk 00:25:42]} {[%emt 00:02:52]} 20. Bxe4 {[%clk
00:51:55]} {[%emt 00:00:24]} Kh8 {[%clk 00:25:07]} {[%emt 00:01:05]} 21. Bxg6
{[%clk 00:50:48]} {[%emt 00:01:36]} hxg6 {[%clk 00:25:17]} {[%emt 00:00:20]}
22. Rxe5 {[%clk 00:50:38]} {[%emt 00:00:40]} Qd6 {[%clk 00:25:25]} {[%emt
00:00:22]} 23. Rae1 {[%clk 00:49:45]} {[%emt 00:01:22]} Rad8 {[%clk 00:15:32]}
{[%emt 00:10:24]} 24. R1e3 {[%clk 00:46:39]} {[%emt 00:03:32]} f6 {[%clk
00:09:09]} {[%emt 00:06:58]} 25. Re7 {[%clk 00:37:51]} {[%emt 00:09:16]} Rd7
{[%clk 00:03:54]} {[%emt 00:05:46]} 26. Re8 {[%clk 00:32:41]} {[%emt 00:05:39]}
Kg8 {[%clk 00:04:14]} {[%emt 00:00:11]} 27. Rxf8+ {[%clk 00:28:32]} {[%emt
00:04:39]} Kxf8 {[%clk 00:04:34]} {[%emt 00:00:11]} 28. Qe4 {[%clk 00:20:17]}
{[%emt 00:08:43]} Re7 {[%clk 00:02:31]} {[%emt 00:02:34]} 29. Qxg6 {[%clk
00:17:55]} {[%emt 00:02:52]} Qxd5 {[%clk 00:02:48]} {[%emt 00:00:13]} 30. Qg4
{[%clk 00:17:11]} {[%emt 00:01:13]} Qd7 {[%clk 00:01:12]} {[%emt 00:02:07]} 31.
Qh5 {[%clk 00:11:24]} {[%emt 00:06:17]} Rxe3 {[%emt 00:01:12]} 32. Qh8+ {[%emt
00:00:10]} Kf7 33. Qh5+ {[%emt 00:00:01]} g6 {[%emt 00:00:02]} 34. Qh7+ {[%emt
00:00:04]} 1/2-1/2

[Event "DEM U10 2024"]
[Site "Willingen GER"]
[Date "2024.05.20"]
[Round "4"]
[White "Kjulbassanoff, Kilian"]
[Black "Meitzner, Jonathan Franz"]
[Result "0-1"]
[Termination "normal"]
[Board "9"]
[WhiteElo "1411"]
[BlackElo "1730"]
[WhiteClock "00:50:40"]
[BlackClock "00:18:35"]
[PlyCount "90"]
[WhiteFideId "533001804"]
[BlackFideId "34616110"]
[EventCountry "GER"]
[EventRounds "11"]
[EventType "swiss"]
[EventDate "2024.05.18"]

1. d4 {[%clk 01:15:58]} {[%emt 00:00:01]} Nf6 {[%clk 01:15:50]} {[%emt
00:00:10]} 2. c4 {[%clk 01:16:25]} {[%emt 00:00:04]} e6 {[%clk 01:16:13]}
{[%emt 00:00:06]} 3. Nc3 {[%clk 01:16:39]} {[%emt 00:00:16]} Bb4 {[%clk
01:16:35]} {[%emt 00:00:09]} 4. Qc2 {[%clk 01:17:01]} {[%emt 00:00:08]} d5
{[%clk 01:16:45]} {[%emt 00:00:19]} 5. a3 {[%clk 01:16:58]} {[%emt 00:00:35]}
Bxc3+ {[%clk 01:16:33]} {[%emt 00:00:41]} 6. Qxc3 {[%clk 01:17:17]} {[%emt
00:00:10]} O-O {[%clk 01:13:06]} {[%emt 00:03:58]} 7. Nf3 {[%clk 01:16:48]}
{[%emt 00:00:58]} Ne4 {[%clk 01:13:08]} {[%emt 00:00:28]} 8. Qc2 {[%clk
01:17:03]} {[%emt 00:00:15]} Nd7 {[%clk 01:12:06]} {[%emt 00:01:33]} 9. Bf4
{[%clk 01:15:51]} {[%emt 00:01:41]} c5 {[%clk 01:10:03]} {[%emt 00:02:34]} 10.
dxc5 {[%clk 01:15:04]} {[%emt 00:01:17]} Ndxc5 {[%clk 01:08:48]} {[%emt
00:01:44]} 11. e3 {[%clk 01:13:58]} {[%emt 00:01:36]} a6 {[%clk 01:07:46]}
{[%emt 00:01:33]} 12. cxd5 {[%clk 01:13:41]} {[%emt 00:00:46]} exd5 {[%clk
01:05:30]} {[%emt 00:02:47]} 13. Be2 {[%clk 01:13:39]} {[%emt 00:00:31]} Bf5
{[%clk 01:04:59]} {[%emt 00:00:54]} 14. Qd1 {[%clk 01:11:09]} {[%emt 00:03:07]}
Ne6 {[%clk 00:59:50]} {[%emt 00:05:36]} 15. Bg3 {[%clk 01:10:09]} {[%emt
00:01:32]} Qb6 {[%clk 00:55:52]} {[%emt 00:04:28]} 16. Qxd5 {[%clk 01:05:28]}
{[%emt 00:05:11]} Qxb2 {[%clk 00:54:00]} {[%emt 00:02:24]} 17. Be5 {[%clk
01:04:06]} {[%emt 00:01:51]} Nc3 {[%clk 00:53:24]} {[%emt 00:01:07]} 18. O-O
{[%clk 01:01:54]} {[%emt 00:02:42]} Qxa1 {[%clk 00:47:25]} {[%emt 00:06:30]}
19. Bxc3 {[%clk 01:02:01]} {[%emt 00:00:21]} Qxc3 {[%clk 00:47:47]} {[%emt
00:00:09]} 20. Qxf5 {[%clk 01:02:26]} {[%emt 00:00:05]} Qxa3 {[%clk 00:47:37]}
{[%emt 00:00:41]} 21. Bc4 {[%clk 01:02:20]} {[%emt 00:00:35]} Qd6 {[%clk
00:47:09]} {[%emt 00:00:56]} 22. Ne5 {[%clk 01:01:50]} {[%emt 00:01:01]} Rae8
{[%clk 00:45:47]} {[%emt 00:01:47]} 23. Ng4 {[%clk 01:01:19]} {[%emt 00:01:07]}
Nc5 {[%clk 00:41:11]} {[%emt 00:05:06]} 24. Rc1 {[%clk 01:00:57]} {[%emt
00:00:51]} Nd7 {[%clk 00:36:38]} {[%emt 00:04:17]} 25. Bb3 {[%clk 01:00:44]}
{[%emt 00:01:30]} Ne5 {[%clk 00:27:23]} {[%emt 00:09:43]} 26. Bc2 {[%clk
00:56:10]} {[%emt 00:05:07]} Ng6 {[%clk 00:24:59]} {[%emt 00:02:53]} 27. h3
{[%clk 00:54:13]} {[%emt 00:02:26]} Rc8 {[%clk 00:22:33]} {[%emt 00:02:35]} 28.
Rd1 {[%clk 00:53:51]} {[%emt 00:01:14]} Qc5 {[%clk 00:22:48]} {[%emt 00:00:15]}
29. Rd2 {[%clk 00:50:05]} {[%emt 00:04:15]} Qxf5 {[%clk 00:20:14]} {[%emt
00:03:05]} 30. Bxf5 {[%clk 00:50:34]} {[%emt 00:00:01]} Rc5 {[%clk 00:20:35]}
{[%emt 00:00:09]} 31. Be4 {[%clk 00:50:29]} {[%emt 00:00:35]} f5 {[%clk
00:19:31]} {[%emt 00:01:33]} 32. Bd5+ {[%clk 00:50:36]} {[%emt 00:00:22]} Kh8
{[%clk 00:19:48]} {[%emt 00:00:14]} 33. Nh6 {[%clk 00:49:22]} {[%emt 00:01:44]}
gxh6 {[%clk 00:19:25]} {[%emt 00:00:53]} 34. Bxb7 {[%clk 00:49:46]} {[%emt
00:00:06]} a5 {[%clk 00:19:50]} {[%emt 00:00:06]} 35. Rd7 {[%clk 00:49:38]}
{[%emt 00:00:38]} a4 {[%clk 00:19:46]} {[%emt 00:00:34]} 36. Rd3 {[%clk
00:49:09]} {[%emt 00:00:57]} Ra5 {[%clk 00:20:08]} {[%emt 00:00:09]} 37. Ra3
{[%clk 00:49:23]} {[%emt 00:00:16]} Rb8 {[%clk 00:20:11]} {[%emt 00:00:26]} 38.
Bc6 {[%clk 00:49:31]} {[%emt 00:00:23]} Rb4 {[%clk 00:19:40]} {[%emt 00:00:59]}
39. Kf1 {[%clk 00:49:47]} {[%emt 00:00:17]} Ne5 {[%clk 00:19:53]} {[%emt
00:00:16]} 40. Be8 {[%clk 00:50:08]} {[%emt 00:00:09]} Rc5 {[%clk 00:19:27]}
{[%emt 00:00:55]} 41. Ke2 {[%clk 00:49:59]} {[%emt 00:00:41]} Rc1 {[%clk
00:17:41]} {[%emt 00:02:15]} 42. e4 {[%clk 00:49:59]} {[%emt 00:00:31]} Rxe4+
{[%clk 00:17:20]} {[%emt 00:00:51]} 43. Kd2 {[%clk 00:50:17]} {[%emt 00:00:11]}
Nc4+ {[%clk 00:17:43]} {[%emt 00:00:07]} 44. Kxc1 {[%clk 00:50:35]} {[%emt
00:00:12]} Nxa3 {[%clk 00:18:09]} {[%emt 00:00:04]} 45. Kb2 {[%clk 00:50:40]}
{[%emt 00:00:26]} Nc4+ {[%clk 00:18:35]} {[%emt 00:00:04]} 0-1

[Event "DEM U10 2024"]
[Site "Willingen GER"]
[Date "2024.05.20"]
[Round "4"]
[White "Becker, Linus"]
[Black "Schmidt, Alexander Nadvid"]
[Result "1-0"]
[Termination "normal"]
[Board "10"]
[WhiteElo "1705"]
[BlackElo "1679"]
[WhiteClock "01:16:02"]
[BlackClock "01:08:06"]
[PlyCount "38"]
[WhiteFideId "34614958"]
[BlackFideId "34661360"]
[EventCountry "GER"]
[EventRounds "11"]
[EventType "swiss"]
[EventDate "2024.05.18"]

1. c4 {[%clk 01:15:57]} {[%emt 00:00:02]} e5 {[%clk 01:15:15]} {[%emt
00:00:45]} 2. g3 {[%clk 01:16:21]} {[%emt 00:00:07]} Nc6 {[%clk 01:15:15]}
{[%emt 00:00:30]} 3. Bg2 {[%clk 01:16:46]} {[%emt 00:00:05]} Nf6 {[%clk
01:15:18]} {[%emt 00:00:27]} 4. Nc3 {[%clk 01:17:08]} {[%emt 00:00:08]} Bc5
{[%clk 01:15:37]} {[%emt 00:00:10]} 5. e3 {[%clk 01:17:15]} {[%emt 00:00:23]}
d6 {[%clk 01:15:36]} {[%emt 00:00:32]} 6. Nge2 {[%clk 01:17:36]} {[%emt
00:00:09]} a6 {[%clk 01:15:25]} {[%emt 00:00:41]} 7. O-O {[%clk 01:17:49]}
{[%emt 00:00:16]} O-O {[%clk 01:15:39]} {[%emt 00:00:16]} 8. a3 {[%clk
01:18:04]} {[%emt 00:00:16]} h6 {[%clk 01:15:45]} {[%emt 00:00:23]} 9. h3
{[%clk 01:18:04]} {[%emt 00:00:30]} Be6 {[%clk 01:15:38]} {[%emt 00:00:37]} 10.
d4 {[%clk 01:18:23]} {[%emt 00:00:11]} exd4 {[%clk 01:12:59]} {[%emt 00:03:08]}
11. exd4 {[%clk 01:17:41]} {[%emt 00:01:14]} Nxd4 {[%clk 01:13:06]} {[%emt
00:00:23]} 12. Nxd4 {[%clk 01:17:54]} {[%emt 00:00:17]} Bxc4 {[%clk 01:13:25]}
{[%emt 00:00:11]} 13. Re1 {[%clk 01:18:12]} {[%emt 00:00:08]} c6 {[%clk
01:13:39]} {[%emt 00:00:19]} 14. b3 {[%clk 01:18:08]} {[%emt 00:00:35]} Bxd4
{[%clk 01:13:47]} {[%emt 00:00:21]} 15. Qxd4 {[%clk 01:18:24]} {[%emt
00:00:13]} Be6 {[%clk 01:13:27]} {[%emt 00:00:50]} 16. b4 {[%clk 01:18:31]}
{[%emt 00:00:24]} Qd7 {[%clk 01:13:28]} {[%emt 00:00:27]} 17. Kh2 {[%clk
01:18:02]} {[%emt 00:01:01]} d5 {[%clk 01:13:01]} {[%emt 00:00:55]} 18. Bb2
{[%clk 01:16:49]} {[%emt 00:01:45]} Nh7 {[%clk 01:12:27]} {[%emt 00:01:03]} 19.
Nxd5 {[%clk 01:16:02]} {[%emt 00:01:18]} Bxd5 {[%clk 01:08:06]} {[%emt
00:04:52]} 1-0